Geordie Shore - Statistics

General Stats
  • This quiz has been taken 580 times
  • The average score is 15 of 20
Answer Stats
Hint Answer % Correct
Boy Gary
96%
Girl Charlotte
93%
Girl Holly
91%
Boy Scott
91%
Girl Vicky
90%
Boy James
89%
Girl Sophie
87%
Girl Marnie
85%
Boy Jay
83%
Boss Anna
82%
Place Newcastle
81%
Place Cancun
69%
Girl Rebecca
67%
Boy Greg
66%
Boy Dan
64%
Place Sydney
62%
Boy Ricci
59%
Boss Chris
51%
Place Magaluf
51%
Boss Steve
28%
No matching quizzes found
Score Distribution
Percent of People with Each Score
Percentile by Number Answered
Your Score History
You have not taken this quiz